Fundamentos de la educación ambiental en Teilhard de Chardin

Uloženo v:
Podrobná bibliografie
Hlavní autor: Valenzuela Fuenzalida, Alvaro (Autor)
Médium: Kniha
Jazyk:španělština
Vydáno: Valparaíso Universidad Católica de Valparaíso 1994
Témata:
Tagy: Přidat tag
Žádné tagy, Buďte první, kdo vytvoří štítek k tomuto záznamu!

MARC

LEADER 00000nam a2200000 a 4500
001 UCP6625
003 CL-VaPUC
008 991105e19940000CL |||||||||||||||||spa|d
082 0 4 |a 370.115  |b VAL  |2 21 
100 0 |a Valenzuela Fuenzalida, Alvaro  |e author  |9 435801 
245 1 0 |a Fundamentos de la educación ambiental en Teilhard de Chardin 
300 |a 128 h 
942 |c BK 
945 |d 19991105 00:00:00  |a rbrito 
260 |a Valparaíso  |b Universidad Católica de Valparaíso  |c 1994 
600 0 7 |a TEILHARD DE CHARDIN, PIERRE  |2 CL-VaPUC  |9 315457 
650 0 |a Educación ambiental  |9 262920 
650 0 |a Filosofía de la educación   |9 258384 
650 0 |a Medio ambiente  |9 257625 
583 |a last modification  |c 19991105 00:00:00  |k Rodrigo Vera 
999 |c 284107  |d 284105 
952 |0 0  |1 0  |4 0  |6 370_115000000000000_VAL_1994  |7 0  |8 P  |9 327863  |a BIBEDU  |b BIBEDU  |c BIBEDU_PB  |d 2019-11-20  |i 3567982  |o 370.115 VAL 1994  |p 3567982  |r 2024-01-25  |w 2019-11-20  |y BK  |k EDU 
952 |0 0  |1 0  |4 0  |6 370_115000000000000_VAL_1994  |7 0  |8 P  |9 327864  |a BIBEDU  |b BIBEDU  |c BIBEDU_PB  |d 2019-11-20  |i 3575322  |o 370.115 VAL 1994  |p 3575322  |r 2024-01-25  |w 2019-11-20  |y BK  |k BME